Pengambilalihan Sekolah Agama Rakyat oleh Kementerian Pendidikan : suatu kajian mengenai sejarah dan tujuan /
Saved in:
| Main Author: | |
|---|---|
| Format: | Thesis Book |
| Language: | Malay |
| Subjects: | |
| Tags: |
Add Tag
No Tags, Be the first to tag this record!
|
| LEADER | 01298cam a2200325 a 4500 | ||
|---|---|---|---|
| 001 | u488511 | ||
| 003 | SIRSI | ||
| 008 | 910521s2001 my t 00 1 may m | ||
| 035 | |a ACR-1531 | ||
| 040 | |a UMA |d UMM |e rda | ||
| 043 | |a a-my--- | ||
| 090 | |a BP42 |b A2 UM 2001 Aziu | ||
| 094 | |a BP42 |b A2 UM 2001 Aziu | ||
| 100 | 0 | 0 | |a Azizi Umar |e author. |
| 245 | 1 | 0 | |a Pengambilalihan Sekolah Agama Rakyat oleh Kementerian Pendidikan : |b suatu kajian mengenai sejarah dan tujuan / |c Azizi bin Umar. |
| 264 | 1 | |c 2001. | |
| 264 | 4 | |c 2001. | |
| 300 | |a xvi, [182] leaves ; |c 29 cm. | ||
| 336 | |a text |2 rdacontent | ||
| 337 | |a unmediated |2 rdamedia | ||
| 338 | |a volume |2 rdacarrier | ||
| 502 | |a Dissertation (M.Usuluddin) -- Jabatan Sejarah dan Tamadun Islam, Akademi Pengajian Islam, Universiti Malaya, 2001. | ||
| 504 | |a Bibliography : [171-182]. | ||
| 650 | 0 | |a Islamic religious education |z Malaysia. | |
| 650 | 0 | |a Islamic schools |z Malaysia | |
| 710 | 2 | 0 | |a Universiti Malaya. |b Jabatan Sejarah dan Tamadun Islam |
| 948 | |a 04/10/2001 |b 10/02/2004 | ||
| 596 | |a 1 12 | ||
| 999 | |a BP42 A2 UM 2001 AZIU |w LC |c 1 |i A510575434 |d 24/6/2022 |e 24/6/2022 |l STACKS |m P01UTAMA |n 9 |r Y |s Y |t TESIS |u 4/3/2002 | ||
| 999 | |a BP42 A2 UM 2001 AZIU |w LC |c 1 |i A510345049 |d 16/10/2014 |e 16/10/2014 |l RESERVES |m P12ISLAMKL |n 5 |r Y |s Y |t TESIS |u 10/10/2001 | ||
